LDR 00873nam a2200205 i 4500 001 000000021996 003 CaOOAMICUS 005 20260408120217.0 008 180830s2008 it d u000 u ita u 040 $aSeMil$bita 245 10$aNuove parole italiane dell'uso del Grande dizionario italiano dell'uso. 260 $aTorino :$bUTET,$c2007-2008. 300 $a2 v. ;$c30 cm. 650 4$aLingua italiana - Dizionari, vocabolari, glossari, etc.$0(OLS)http://semarc/subject/705 650 4$aLingua italiana - Neologismi - Enciclopedie e dizionari.$0(OLS)http://semarc/subject/44834 774 0 $t[Vol. 1].$g1$w()196948 774 0 $tVol. 2.$g2$w()253193 996 $6245$aNuove parole italiane dell'uso del Grande dizionario italiano dell'uso$9(OLS)http://semarc/title/401775 996 $6260$aTorino :$bUTET$9(OLS)http://semarc/publisher/29621